Quizzes
Events
Quiz Creation
Community
Videos
Private Events
Remove Ads
Sign In
Join for FREE
Feedback
Dark Mode
Quiz Categories
Sports
Geography
Music
Movies
Television
Just For Fun
Miscellaneous
History
Literature
Language
Science
Gaming
Entertainment
Religion
Holiday
For Kids
Quiz Lab
Recent
Popular Today
Quiz Kudos Today
Editor Picks
Curator Picks
Quizzes by...
Day
Popularity
Type
Ratings
Length
Year
Community
Subscriptions
Recent Discussions
Orange Saloon
Badges
Playlists
Quests
Create
Leaderboards
Showdown
Live 5
Trivia Bingo
Activity
Puzzle Library
Sporcle Events
Private Events
Virtual Trivia
Globe League
Become a Host
Pub Owners
SporcleCon
Opinionation
Our Games
Videos
Blog
Mobile Apps
Partnerships
Remove Ads and Go Orange
Feedback
Literature
Harry Potter
A Song of Ice and Fire
The Hunger Games
Literary Character
Shakespeare
Book
Author
Novel
Poem
Young Adult
Children's Books
Play
Lord of the Rings
Literature
Harry Potter
A Song of Ice and Fire
The Hunger Games
Literary Character
Shakespeare
Book
Author
Novel
Poem
Young Adult
Children's Books
Play
Lord of the Rings
Random Quiz
Search Sporcle
×
Quiz Lab
Quiz Lab
Literature
Marvel
Type in answers that appear in a list
Type in answers that appear in a list
Classic
Best Score? Go Orange.
Harry Potter by Limerick Stats
Can you name the HP Character by the Limerick?
By
ryry97
4m
10 Questions
562 Plays
562 Plays
562 Plays
Comments
Comments
Give Quiz Kudos
Give Quiz Kudos
-
- Ratings
hide this ad
Replay
Link that replays current quiz
Next Quiz
Link to next quiz in quiz playlist
You Got
0%
They Got
Avg Score
88%
Avg Friend Score
Upgrade to see
Score Distribution
Jump to the score distribution portion of the page
Score
0/10
Timer
04:00
0
Plays Today
Limerick
Hero
% Correct
My husband turns into a stag, My sister is quite the hag. I died for my son, the chosen one, and my poor boy's life is a drag
Lily Potter
98%
Everyone thought I was dead. But I turned into a rat and fled. I killed the spare so only Harry was there, but Riddle killled me instead
Peter Pettigrew
96.3%
My sister was loved more than I, she just had to go and die. They gave me her son which of course was no fun, I think I just may cry
Petunia Dursley
95.4%
I am a big fan of beasts. I sit next to Flitwick at Feasts. I am a huge fool and had to leave school and Riddle I like the least.
Rubeus Hagrid
94.7%
I only have love for a snake. She and I keep Potter awake. I run through the night, kill things on sight to get Harry for my sake.
Voldemort
92.3%
I made Frank and Alice go mad. Mrs. Weasely did me in bad. I loved Voldy more than my husband before but I bet Neville is glad.
Bellatrix Lestrange
91.4%
Sassa hiss ss nass ess
Nagini
86.1%
After a few books I had read, I decided to go on to bed. I like to teach History, consider it a mystery that no one has told me I'm dead.
Cuthbert Binns
78.1%
I will have order at school. Even if I must be so cruel. I hate all kids, they are such gits and Harry beat me in a duel.
Dolores Umbridge
77.9%
Although a squib I may be, I made sure of Harry's safety. I saw him save his dumb cousin from dementors by the dozen and I went on the stand for he.
Arabella Figg
74.3%
Quiz Playlist
Details
Report
Send in Message
Add To Playlist
Classic:
Type in answers that appear in a list
Last Updated: Feb 16, 2017
Quiz Scoreboard
CHALLENGE
Sign Up to Join the Scoreboard
Show All
Scores
Hide
Comments
May contain spoilers
Recently Published
Pick 6: Fruits
by JohnFran
Miscellaneous
15s
Click the 1999 NBA Draft
by nibperrychub
Sports
2m
Alphabetical 'K' Countries by Flag Minefield
by ylime102
Geography
3m
More to Explore
Quiz From the Vault
Featured Blog Post
15 Basketball Trivia Facts You Can Be March Mad About
hide this ad
You Might Also Like...
Tags
Marvel Quiz
Hero
Limerick
Today's Top Quizzes in Literature
Browse Literature
hide this ad
Today's Top Quizzes in Marvel
Browse Marvel
Top Contributed Quizzes in Literature
1
Season Plays
2
Pick 3: Harry Potter Hogwarts Quidditch Players
3
4-to-1 Blitz: Harry Potter
4
percy jackson logic puzzle
5
Dumbledore's Army Logic Puzzle
6
Harry Potter Logic Quiz New
7
Jane Eyre Character Quotes
8
Harry Potter: Partnered Harry Trio Venn Diagram
9
Word Ladder: King's 'The Stand'
10
Literature Acrostic Puzzle
Explore More
Trending Topics
NBA
Kpop
Marvel
Crossword
Anime
Disney
Harry Potter
WWE
Pokémon
Puzzle
Soccer
Country
NFL
The Office
Song
hide this ad
More By:
ryry97
Quiz
Plays
Rating
Category
Featured
Created
TV by Numbers II
22,553
3.88
Television
Mar 3, 2012
Three-Letter Past-Tense Verbs
17,306
4.68
Language
Mar 22, 2020
Hypothetical Facebook Posts
3,725
3.72
Miscellaneous
Dec 14, 2014
Something in Common: TV Characters
1,605
4.85
Television
Oct 15, 2021
Rhymes with 'You'
1,458
4.89
Language
Sep 4, 2013
Go to Creator's Profile
Score Distribution
Quiz Creator Spotlight
ryry97
Follow
Send a Message
Quizzes Created
-
Created Quiz Play Count
-
More By This Creator
Popular Quizzes Today
1
Find the US States - No Outlines Minefield
2
Countries of Asia Without Outlines Minefield
3
Pick 6: Fruits
4
Alphabetical 'K' Countries by Flag Minefield
5
The Countries of the World
6
Find the US States
7
Match the Book to the Film X
8
US States
More Literature Quizzes
Writers in Comic Books
Published
Trending Quizzes
Pick 6: Mountains
Pick 6: Harry Potter
Pick 6: NFL Teams
Pick 6: Movie Franchises
Pick 6: Golfers
Recently Updated
NWSL Teams
pecheneg
Women's Final Four Teams by Year
bhenderson79
Presidents Quartet II
eogle
Anything But Clue(do)
eogle
Anything But Oceanian Capitals
eogle
Anything But 7
eogle
Anything But Thing
eogle
Word Ladder: February 29
pecheneg
Song Title Questions
pecheneg
Women's NCAA Tournament #1 Seeds
pecheneg
Trending Topics
Kpop
Crossword
Marvel
Anime
Harry Potter
NBA
Disney
The Office
Country
Pokémon
Song
NFL
Puzzle
Soccer
WWE
Your Account Isn't Verified!
In order to create a playlist on Sporcle, you need to verify the email address you used during registration. Go to your
Sporcle Settings
to finish the process.
Report this User
Report this user for behavior that violates our
Community Guidelines
.
Details:
Send Report
Go to the Sporcle.com Mobile Site →
Comments